BASICS OF BIOSTATISTICS (Record no. 15843)

MARC details
000 -LEADER
fixed length control field 00336nam a22001577a 4500
003 - CONTROL NUMBER IDENTIFIER
control field SGT
020 ## - INTERNATIONAL STANDARD BOOK NUMBER
International Standard Book Number 978-/1-239-2931-6
082 ## - DEWEY DECIMAL CLASSIFICATION NUMBER
Classification number 519.5
Item number B16K
100 ## - MAIN ENTRY--PERSONAL NAME
Personal name KULKARNI, AP
245 ## - TITLE STATEMENT
Title BASICS OF BIOSTATISTICS
250 ## - EDITION STATEMENT
Edition statement 1ST
260 ## - PUBLICATION, DISTRIBUTION, ETC. (IMPRINT)
Place of publication, distribution, etc INDIA
Name of publisher, distributor, etc CBS
Year of Publication 2016
300 ## - PAGE DESCRIPTION
No. of Pages 120
650 ## - SUBJECT ADDED ENTRY--TOPICAL TERM
Topical term or geographic name as entry element BIOSTATISTICS
942 ## - ADDED ENTRY ELEMENTS (KOHA)
Source of classification or shelving scheme Dewey Decimal Classification
Koha item type Books
942 ## - ADDED ENTRY ELEMENTS (KOHA)
-- 43
Holdings
Withdrawn status Lost status Source of classification or shelving scheme Damaged status Not for loan Collection code Home library Current library Shelving location Date acquired Vendor Name Cost, normal purchase price SGTU Bill Number Total Checkouts Full call number Accession No. (Barcode) Date last seen Date last borrowed Bill Date Koha item type
    Dewey Decimal Classification     MEDICAL SGT Medical Library SGT Medical Library Text Book 28/08/2018 ABC 195.00 SGTU 9842 10 519.5 B16K FM10826 26/07/2024 17/05/2024 21/06/2018 Books
    Dewey Decimal Classification     MEDICAL SGT Medical Library SGT Medical Library Text Book 28/08/2018 ABC 195.00 SGTU 9842 8 519.5 B16K FM10827 27/09/2024 13/09/2024 21/06/2018 Books
    Dewey Decimal Classification     MEDICAL SGT Medical Library SGT Medical Library Text Book 28/08/2018 ABC 195.00 SGTU 9842 11 519.5 B16K FM10828 01/12/2022 24/11/2022 21/06/2018 Books
    Dewey Decimal Classification     MEDICAL SGT Medical Library SGT Medical Library Text Book 28/08/2018 ABC 195.00 SGTU 9842 13 519.5 B16K FM10829 25/10/2023 25/10/2023 21/06/2018 Books
    Dewey Decimal Classification     MEDICAL SGT Medical Library SGT Medical Library Text Book 28/08/2018 ABC 195.00 SGTU 9842 9 519.5 B16K FM10830 08/04/2025 08/04/2025 21/06/2018 Books